[Event "12th Ugra Governor's Cup"]
[Site "Khanty-Mansiysk RUS"]
[Date "2016.11.23"]
[Round "7.9"]
[White "Bocharov, Dmitry"]
[Black "Sarana, Alexey"]
[Result "1-0"]
[WhiteTitle "GM"]
[BlackTitle "IM"]
[WhiteElo "2593"]
[BlackElo "2455"]
[WhiteFideId "4138716"]
[BlackFideId "24133795"]
[EventDate "2016.11.17"]

1. Nf3 d5 2. c4 d4 3. b4 c5 4. b5 Nd7 5. d3 e5 6. g3 Bd6 7. Bg2 Ngf6 8. O-O O-O
9. a4 Re8 10. e4 dxe3 11. Bxe3 Nf8 12. Nc3 Ne6 13. Ng5 Nd4 14. Nd5 Rb8 15. Nxf6+
Qxf6 16. Bd5 Be6 17. Qh5 h6 18. Nxe6 Nxe6 19. a5 Nd4 20. Ra2 Qf5 21. Qd1 Qd7 22.
a6 b6 23. Bxd4 cxd4 24. Bc6 Qf5 25. Bxe8 Rxe8 26. f3 g5 27. Re2 Qg6 28. f4 gxf4
29. Rg2 f3 30. Qxf3 e4 31. dxe4 Rxe4 32. Re2 Rxe2 33. Qxe2 d3 34. Qf3 d2 35. Qd5
Bb4 36. Kg2 Kh8 37. h3 Bc3 38. Qa8+ Kg7 39. Qf3 Bf6 40. Qg4 Bg5 41. Qd4+ Kg8 42.
Qd5 Kh8 43. h4 Bxh4 44. Qd4+ Kh7 45. Rf3 Bg5 46. Qd3 f5 47. Rxf5 1-0

[Event "12th Ugra Governor's Cup"]
[Site "Khanty-Mansiysk RUS"]
[Date "2016.11.23"]
[Round "7.10"]
[White "Matinian, Nikita"]
[Black "Ovetchkin, Roman"]
[Result "1/2-1/2"]
[WhiteTitle "IM"]
[BlackTitle "GM"]
[WhiteElo "2490"]
[BlackElo "2523"]
[WhiteFideId "24129100"]
[BlackFideId "4119991"]
[EventDate "2016.11.17"]

1. e4 c6 2. d4 d5 3. e5 Bf5 4. Nf3 e6 5. Be2 Nd7 6. O-O h6 7. Nbd2 Ne7 8. Nb3
Nc8 9. a4 Be7 10. a5 O-O 11. c4 dxc4 12. Bxc4 a6 13. Be3 Na7 14. Nc1 c5 15. Nd3
cxd4 16. Nxd4 Bxd3 17. Bxd3 Nxe5 18. Bb1 Qd6 19. Ra4 Rfd8 20. Qc2 Ng6 21. Qe4
Bg5 22. f4 Bf6 23. f5 exf5 24. Nxf5 Qe5 25. Qxb7 Nb5 26. Ba2 Nd6 27. Nxd6 Qxe3+
28. Kh1 Ra7 29. Qb6 Qxb6 30. axb6 Rad7 31. Nxf7 Rxf7 32. Rxa6 Kf8 33. Bxf7 Kxf7
34. b7 Rb8 35. Rb6 Ke7 36. Ra1 Kd7 37. Ra8 Kc7 38. Rxb8 Kxb8 39. g3 Ne5 40. b3
Nf7 41. Kg2 Nd8 42. Kf3 Nxb7 43. Kg4 Bd4 44. Rb4 Bf6 45. Kh5 Kc7 46. Kg6 Nc5 47.
Rc4 Kd6 48. b4 Nd3 49. Kf5 Kd5 50. Re4 Bd4 51. Rxd4+ Kxd4 52. b5 Kc5 53. Kg6
Ne5+ 54. Kxg7 Ng4 55. h3 Nf2 56. Kxh6 1/2-1/2

[Event "12th Ugra Governor's Cup"]
[Site "Khanty-Mansiysk RUS"]
[Date "2016.11.24"]
[Round "8.1"]
[White "Ponkratov, Pavel"]
[Black "Rozum, Ivan"]
[Result "1/2-1/2"]
[WhiteTitle "GM"]
[BlackTitle "GM"]
[WhiteElo "2596"]
[BlackElo "2582"]
[WhiteFideId "4157800"]
[BlackFideId "24104272"]
[EventDate "2016.11.17"]

1. e4 c6 2. d4 d5 3. e5 Bf5 4. Nf3 e6 5. Be2 c5 6. Be3 Qb6 7. Nc3 Nc6 8. O-O
Qxb2 9. Qe1 cxd4 10. Bxd4 Nxd4 11. Nxd4 Bb4 12. Ndb5 Ba5 13. Rb1 Qxc2 14. Rb3
Ne7 15. Nd6+ Kf8 16. Nxb7 Bb6 17. Bd1 Qd3 18. Na4 Qe4 19. Nxb6 axb6 20. Qc3 d4
21. Qc7 Qc6 22. Qxc6 Nxc6 23. f4 Na5 24. Rxb6 Nxb7 25. Rxb7 Be4 26. Rc7 g6 27.
Bb3 Bf5 28. Rd1 d3 29. g4 Bxg4 30. Rxd3 Kg7 31. Kf2 Rhc8 32. Rdd7 Rxc7 33. Rxc7
Bf5 34. Ke3 h6 35. h4 Rb8 36. Rc3 Rb4 37. Rc4 Rb5 38. Rc1 g5 39. hxg5 hxg5 40.
Rg1 g4 41. Bd1 Rb1 42. a4 Kf8 43. a5 Ra1 44. Kf2 Ke7 45. a6 Rxa6 1/2-1/2

[Event "12th Ugra Governor's Cup"]
[Site "Khanty-Mansiysk RUS"]
[Date "2016.11.24"]
[Round "8.2"]
[White "Kokarev, Dmitry"]
[Black "Savchenko, Boris"]
[Result "1-0"]
[WhiteTitle "GM"]
[BlackTitle "GM"]
[WhiteElo "2634"]
[BlackElo "2613"]
[WhiteFideId "4132181"]
[BlackFideId "4147332"]
[EventDate "2016.11.17"]

1. e4 e6 2. d4 d5 3. Nc3 Nf6 4. e5 Nfd7 5. f4 c5 6. Nf3 Nc6 7. Be3 Qb6 8. Na4
Qa5+ 9. c3 b6 10. Bd2 c4 11. b4 Nxb4 12. cxb4 Bxb4 13. Qc2 Bxd2+ 14. Nxd2 b5 15.
Nc3 b4 16. Nd1 f6 17. Nf3 fxe5 18. fxe5 Bb7 19. a3 O-O 20. Qd2 c3 21. Qc1 Rac8
22. axb4 Qxb4 23. Rb1 Qa5 24. Rxb7 c2+ 25. Kf2 Qa4 26. Ne3 Rc3 27. Bb5 Qxd4 28.
Bxd7 Qxe5 29. Re1 d4 30. Ng4 Qd6 31. Bxe6+ Kh8 32. Qg5 Rc7 33. Rxc7 Qxc7 34. Ne5 1-0

[Event "12th Ugra Governor's Cup"]
[Site "Khanty-Mansiysk RUS"]
[Date "2016.11.24"]
[Round "8.3"]
[White "Khismatullin, Denis"]
[Black "Predke, Alexandr"]
[Result "1-0"]
[WhiteTitle "GM"]
[BlackTitle "GM"]
[WhiteElo "2600"]
[BlackElo "2579"]
[WhiteFideId "4142578"]
[BlackFideId "24107581"]
[EventDate "2016.11.17"]

1. d4 d5 2. Bf4 Nf6 3. e3 e6 4. Nf3 c5 5. Nbd2 Nc6 6. c3 Bd6 7. Bg3 O-O 8. Bb5
Ne7 9. Bd3 Nf5 10. Bxf5 exf5 11. Bxd6 Qxd6 12. dxc5 Qxc5 13. O-O Qc7 14. Qa4 Re8
15. Rfd1 Bd7 16. Qf4 Qb6 17. Rab1 Rad8 18. h3 a6 19. Ne5 Bc8 20. Nd3 Ne4 21. Nf3
h6 22. h4 Rd6 23. h5 Kh7 24. Nb4 Qd8 25. Rd4 a5 26. Nd3 g5 27. hxg6+ fxg6 28.
Qh2 b6 29. Rd1 Bb7 30. Nfe5 Qe7 31. f4 Re6 32. Nf3 g5 33. Nde5 Rg8 34. c4 g4 35.
Nh4 Rxe5 36. fxe5 Qg5 37. Re1 Bc8 38. cxd5 g3 39. Qh1 Qe7 40. e6 Rf8 41. Qh3 Qg5
42. Nf3 1-0

[Event "12th Ugra Governor's Cup"]
[Site "Khanty-Mansiysk RUS"]
[Date "2016.11.24"]
[Round "8.5"]
[White "Fedoseev, Vladimir3"]
[Black "Goganov, Aleksey"]
[Result "1-0"]
[WhiteTitle "GM"]
[BlackTitle "GM"]
[WhiteElo "2673"]
[BlackElo "2643"]
[WhiteFideId "24130737"]
[BlackFideId "24109959"]
[EventDate "2016.11.17"]

1. e4 e5 2. Nf3 Nc6 3. Bc4 Bc5 4. c3 Nf6 5. d3 O-O 6. O-O d6 7. b4 Bb6 8. a4 a5
9. b5 Ne7 10. Nbd2 Ng6 11. Re1 c6 12. Ba3 Re8 13. bxc6 bxc6 14. d4 Bc7 15. dxe5
Nxe5 16. Nxe5 Rxe5 17. Nf3 Re8 18. Qb3 d5 19. exd5 Rb8 20. Qc2 cxd5 21. Rxe8+
Nxe8 22. Rd1 Nf6 23. h3 Bd6 24. Bxd6 Qxd6 25. Bxd5 Nxd5 26. c4 Qc7 27. Qe4 Bxh3
28. cxd5 Bd7 29. Ng5 f5 30. Qe7 Qc2 31. Re1 h6 32. Qxd7 hxg5 33. d6 Kh7 34. Qf7
Rb1 35. Rxb1 Qxb1+ 36. Kh2 Qe4 37. Qh5+ Kg8 38. Qd1 1-0

[Event "12th Ugra Governor's Cup"]
[Site "Khanty-Mansiysk RUS"]
[Date "2016.11.24"]
[Round "8.6"]
[White "Alekseev, Evgeny"]
[Black "Bocharov, Dmitry"]
[Result "1-0"]
[WhiteTitle "GM"]
[BlackTitle "GM"]
[WhiteElo "2638"]
[BlackElo "2593"]
[WhiteFideId "4138147"]
[BlackFideId "4138716"]
[EventDate "2016.11.17"]

1. e4 c6 2. d4 d5 3. exd5 cxd5 4. Bd3 Nc6 5. c3 Nf6 6. h3 e5 7. dxe5 Nxe5 8. Nf3
Nxd3+ 9. Qxd3 Be7 10. O-O O-O 11. Be3 b6 12. Nd4 Bb7 13. Bg5 h6 14. Bh4 Qd7 15.
Re1 Rae8 16. Nd2 g5 17. Bg3 Ne4 18. Nf1 f5 19. f3 Nc5 20. Qc2 Bc8 21. Bf2 Bd6
22. Ng3 Rxe1+ 23. Rxe1 Qf7 24. b4 Nb7 25. Nge2 Bd7 26. Qd3 Bb8 27. Nc2 f4 28.
Ned4 Nd6 29. b5 Nc4 30. Nb4 Ne5 31. Qc2 Rc8 32. Qb3 Rc4 33. Rd1 Bc7 34. Qa3 Bd6
35. Qxa7 Rxc3 36. Qa8+ Rc8 37. Qxd5 Bxb4 38. Qxe5 Re8 39. Qc7 Bc5 40. a4 Qd5 41.
Rd2 h5 42. a5 Rc8 43. Qa7 g4 44. hxg4 hxg4 45. fxg4 Bxg4 46. a6 Bd6 47. Rc2 Rxc2
48. Nxc2 Qd1+ 49. Ne1 Bc5 50. Qb8+ Kh7 51. Qb7+ Kh8 52. Qe4 Be2 53. a7 Qxe1+ 54.
Kh2 1-0

[Event "12th Ugra Governor's Cup"]
[Site "Khanty-Mansiysk RUS"]
[Date "2016.11.24"]
[Round "8.7"]
[White "Pridorozhni, Aleksei"]
[Black "Paravyan, David"]
[Result "1-0"]
[WhiteTitle "GM"]
[BlackTitle "IM"]
[WhiteElo "2574"]
[BlackElo "2544"]
[WhiteFideId "4127870"]
[BlackFideId "4194985"]
[EventDate "2016.11.17"]

1. e4 c6 2. Nc3 d5 3. d4 dxe4 4. Nxe4 Bf5 5. Ng3 Bg6 6. h4 h6 7. Nf3 Nd7 8. h5
Bh7 9. Bd3 Bxd3 10. Qxd3 e6 11. Bd2 a5 12. O-O-O Bb4 13. c3 Be7 14. Qe2 Ngf6 15.
Ne5 O-O 16. f4 c5 17. dxc5 Nxc5 18. Be3 Qc7 19. Bxc5 Bxc5 20. Ne4 Nxe4 21. Qxe4
Bd6 22. Rd4 a4 23. Rhd1 f5 24. Qe2 Bxe5 25. Qxe5 Qxe5 26. fxe5 Ra5 27. Re1 f4
28. Ree4 f3 29. gxf3 Rxf3 30. Rxa4 Rxa4 31. Rxa4 Rh3 32. Rb4 Rxh5 33. a4 Rxe5
34. Rxb7 g5 35. Kd2 Rf5 36. Rb5 Rf7 37. Ke3 Kh7 38. a5 g4 39. Rb4 h5 40. Rf4 Rg7
41. Kf2 h4 42. a6 Kh6 43. Ra4 Ra7 44. b4 Kg5 45. b5 g3+ 46. Kg2 Rf7 47. Kh3 1-0

[Event "12th Ugra Governor's Cup"]
[Site "Khanty-Mansiysk RUS"]
[Date "2016.11.24"]
[Round "8.8"]
[White "Lugovskoy, Maxim"]
[Black "Korchmar, Vasiliy"]
[Result "0-1"]
[WhiteTitle "IM"]
[BlackTitle "IM"]
[WhiteElo "2435"]
[BlackElo "2399"]
[WhiteFideId "24126454"]
[BlackFideId "24131750"]
[EventDate "2016.11.17"]

1. d4 d5 2. Nc3 Nf6 3. Bf4 a6 4. e3 e6 5. Nf3 Nbd7 6. Ne5 c5 7. g4 cxd4 8. exd4
Bb4 9. Qf3 Nxe5 10. Bxe5 Ne4 11. a3 Bxc3+ 12. bxc3 f6 13. Bf4 Qa5 14. Bg2 Bd7
15. Bd2 Rc8 16. Qe3 Nxd2 17. Kxd2 O-O 18. Rhb1 Rc7 19. f4 Rfc8 20. Rb3 Kh8 21.
Re1 Ba4 22. Reb1 Bxb3 23. Rxb3 b5 24. h4 Qb6 25. g5 Qd6 26. Bh3 fxg5 27. hxg5
Rf8 28. Qe5 Qxe5 29. fxe5 Rc6 30. Ke3 Rfc8 31. c4 dxc4 32. Rb1 Rf8 33. Rd1 Rb6
34. d5 exd5 35. Rxd5 h6 36. Bd7 hxg5 37. e6 Re8 38. Re5 Re7 39. Ke4 Rd6 40. Kf5
Rdxd7 41. exd7 Rxd7 42. Re6 Kh7 43. Rxa6 Rd5+ 44. Kg4 Rd2 45. Rb6 Rg2+ 46. Kf3
Rxc2 47. Rxb5 Rc3+ 48. Kg4 Rxa3 49. Rc5 Rc3 50. Kxg5 Rc1 51. Kg4 c3 52. Kf3 Kh6
53. Kg3 Kg6 54. Kg2 Kf6 55. Kf2 g5 56. Kf3 g4+ 57. Ke2 c2 58. Kd2 Rf1 59. Kxc2
g3 0-1

[Event "12th Ugra Governor's Cup"]
[Site "Khanty-Mansiysk RUS"]
[Date "2016.11.24"]
[Round "8.9"]
[White "Yuffa, Daniil"]
[Black "Ovetchkin, Roman"]
[Result "0-1"]
[WhiteTitle "GM"]
[BlackTitle "GM"]
[WhiteElo "2532"]
[BlackElo "2523"]
[WhiteFideId "24131423"]
[BlackFideId "4119991"]
[EventDate "2016.11.17"]

1. d4 d6 2. Nf3 f5 3. g3 Nf6 4. Bg2 e6 5. O-O Be7 6. c4 O-O 7. Nc3 Ne4 8. Qd3
Nxc3 9. bxc3 Nc6 10. e4 e5 11. Ba3 Qe8 12. c5 Kh8 13. Rfe1 dxc5 14. d5 c4 15.
Qxc4 Bxa3 16. dxc6 Qxc6 17. Qxc6 bxc6 18. Rad1 fxe4 19. Nxe5 Bc5 20. Rd2 e3 21.
fxe3 Be6 22. Nxc6 Rae8 23. Nd4 Bc4 24. Bc6 Rd8 25. Ba4 Bb6 26. Bb3 Ba6 27. Red1
c5 28. Ne6 Rxd2 29. Rxd2 c4 30. Nxf8 Bxe3+ 31. Rf2 cxb3 32. axb3 Bc8 33. Kg2
Bxf2 34. Kxf2 Kg8 35. Nxh7 Kxh7 36. Ke3 Kg6 37. Kf4 Kf6 38. h4 a5 39. c4 Be6 40.
Ke4 Bf5+ 41. Kd4 Bc2 42. Kc3 Bd1 43. c5 Ke5 44. b4 axb4+ 45. Kxb4 Bg4 46. c6 Ke4
47. Kc5 Kf3 48. Kd6 Kxg3 0-1

[Event "12th Ugra Governor's Cup"]
[Site "Khanty-Mansiysk RUS"]
[Date "2016.11.24"]
[Round "8.10"]
[White "Lintchevski, Daniil"]
[Black "Matinian, Nikita"]
[Result "1-0"]
[WhiteTitle "GM"]
[BlackTitle "IM"]
[WhiteElo "2517"]
[BlackElo "2490"]
[WhiteFideId "4171055"]
[BlackFideId "24129100"]
[EventDate "2016.11.17"]

1. e4 c5 2. Nf3 d6 3. d4 cxd4 4. Nxd4 Nf6 5. Nc3 Nc6 6. Be2 g6 7. Be3 Bg7 8. Qd2
O-O 9. O-O-O Ng4 10. Bxg4 Bxg4 11. f3 Bd7 12. Kb1 Re8 13. h4 Ne5 14. b3 Rc8 15.
Nce2 Qb6 16. Nf5 Nc4 17. Bxb6 Nxd2+ 18. Rxd2 gxf5 19. Bxa7 fxe4 20. fxe4 Bc6 21.
Ng3 Bc3 22. Rd3 Bb5 23. Rf3 e6 24. a4 Ba6 25. Rd1 Rc6 26. Bd4 Rec8 27. Bxc3 Rxc3
28. Rxd6 Rxc2 29. Rd8+ Rxd8 30. Kxc2 Kf8 31. b4 b6 32. b5 Bb7 33. Rd3 Rc8+ 34.
Rc3 Rxc3+ 35. Kxc3 Ke7 36. Kd4 f6 37. Nf1 e5+ 38. Kd3 Bc8 39. Ne3 Be6 40. Nc4
Bxc4+ 41. Kxc4 h5 42. Kd3 1-0

[Event "12th Ugra Governor's Cup"]
[Site "Khanty-Mansiysk RUS"]
[Date "2016.11.25"]
[Round "9.3"]
[White "Savchenko, Boris"]
[Black "Alekseev, Evgeny"]
[Result "1/2-1/2"]
[WhiteTitle "GM"]
[BlackTitle "GM"]
[WhiteElo "2613"]
[BlackElo "2638"]
[WhiteFideId "4147332"]
[BlackFideId "4138147"]
[EventDate "2016.11.17"]

1. d4 Nf6 2. Bf4 d5 3. e3 c5 4. c3 Nc6 5. Nd2 Bf5 6. Ngf3 e6 7. Qb3 Qc8 8. Nh4
Bg6 9. h3 Be7 10. Nxg6 hxg6 11. Be2 O-O 12. O-O Qd7 13. dxc5 Bxc5 14. Rad1 Qe7
15. a3 Rfd8 16. Qa2 Bd6 17. Bxd6 Rxd6 18. Nf3 Rc8 19. c4 Rdd8 20. cxd5 Nxd5 21.
Qb1 Nb6 22. Rxd8+ Rxd8 23. Rc1 Rc8 24. b4 Rc7 25. Bd3 Qd8 26. Be4 Ne7 27. Rd1
Rd7 28. Rc1 Rc7 29. Rd1 Rd7 30. Rc1 1/2-1/2

[Event "12th Ugra Governor's Cup"]
[Site "Khanty-Mansiysk RUS"]
[Date "2016.11.25"]
[Round "9.4"]
[White "Korchmar, Vasiliy"]
[Black "Ponkratov, Pavel"]
[Result "0-1"]
[WhiteTitle "IM"]
[BlackTitle "GM"]
[WhiteElo "2399"]
[BlackElo "2596"]
[WhiteFideId "24131750"]
[BlackFideId "4157800"]
[EventDate "2016.11.17"]

1. d4 Nf6 2. Nf3 g6 3. c4 Bg7 4. Nc3 d5 5. cxd5 Nxd5 6. e4 Nxc3 7. bxc3 O-O 8.
Be3 c5 9. Be2 b6 10. Rc1 Nd7 11. e5 Bb7 12. O-O Rc8 13. Qd2 Qc7 14. Bf4 Qc6 15.
Bc4 b5 16. d5 Qa6 17. Be2 c4 18. Bh6 Rc5 19. Bxg7 Kxg7 20. d6 exd6 21. Qxd6 Qc6
22. Qxc6 Bxc6 23. Nd4 Nxe5 24. f4 Nd7 25. Rb1 Re8 26. Nxc6 Rxc6 27. Bf3 Rb6 28.
Rfd1 Nc5 29. Rd5 Rc8 30. Kf2 a6 31. Ke3 Re8+ 32. Kd2 Nd3 33. f5 Rf6 34. a4 Nf4
35. Rd4 Rxf5 36. g4 Rf6 37. g5 Rf5 38. Bg4 Rd5 39. axb5 axb5 40. Rxd5 Nxd5 41.
Rxb5 Rd8 42. Ke1 Nxc3 43. Rc5 Re8+ 44. Kf1 Ne4 45. Rc7 Nxg5 46. Rxc4 Re4 47.
Rxe4 Nxe4 48. Kg2 Kf6 49. Kf3 Ke5 50. Ke3 f5 51. Be2 g5 52. Bd1 Nf6 53. Kf2 Kf4
54. Ba4 h5 55. Bc6 Ng4+ 56. Kg2 Ne5 57. Bb7 Ke3 58. Bd5 f4 59. Bb7 g4 60. Bd5 h4
61. Bb7 f3+ 62. Kf1 Nc4 0-1

[Event "12th Ugra Governor's Cup"]
[Site "Khanty-Mansiysk RUS"]
[Date "2016.11.25"]
[Round "9.5"]
[White "Rakhmanov, Aleksandr"]
[Black "Fedoseev, Vladimir3"]
[Result "1-0"]
[WhiteTitle "GM"]
[BlackTitle "GM"]
[WhiteElo "2664"]
[BlackElo "2673"]
[WhiteFideId "4173708"]
[BlackFideId "24130737"]
[EventDate "2016.11.17"]

1. d4 Nf6 2. c4 c5 3. d5 e6 4. Nc3 d6 5. e4 g6 6. Nf3 Bg7 7. Be2 O-O 8. Nd2 Nbd7
9. a4 exd5 10. cxd5 Re8 11. O-O Ne5 12. Re1 Nh5 13. Nf1 f5 14. Bxh5 gxh5 15.
Qxh5 Rf8 16. Bg5 Qb6 17. Bh6 Bxh6 18. Qxh6 Qxb2 19. Nb5 Nd3 20. Re3 Nxf2 21.
Qg5+ Kh8 22. Qe7 Bd7 23. Qxd7 Qxa1 24. Nxd6 Ng4 25. Rh3 Qd4+ 26. Ne3 Nf6 27.
Qxf5 Rad8 28. e5 Rd7 29. Rf3 Re7 30. e6 Qa1+ 31. Rf1 Qd4 32. Rf3 Qa1+ 33. Rf1
Qd4 34. Qg5 c4 35. Nf5 Qe5 36. Qh6 1-0

[Event "12th Ugra Governor's Cup"]
[Site "Khanty-Mansiysk RUS"]
[Date "2016.11.25"]
[Round "9.7"]
[White "Goganov, Aleksey"]
[Black "Goryachkina, Aleksandra"]
[Result "1/2-1/2"]
[WhiteTitle "GM"]
[BlackTitle "WGM"]
[WhiteElo "2643"]
[BlackElo "2452"]
[WhiteFideId "24109959"]
[BlackFideId "4147103"]
[EventDate "2016.11.17"]

1. Nf3 d5 2. g3 g6 3. Bg2 Bg7 4. d4 Nf6 5. O-O O-O 6. c4 c6 7. Qb3 Qb6 8. Nc3
Rd8 9. Rd1 Qxb3 10. axb3 Bf5 11. Ne1 Na6 12. Bf4 Be6 13. Ra4 h6 14. Be5 Ne8 15.
Bxg7 Kxg7 16. cxd5 cxd5 17. Rda1 Bd7 18. Ra5 e6 19. Nd3 Nd6 20. e3 Nc8 21. e4
dxe4 22. Bxe4 Rb8 23. Bg2 Nc7 24. Rc5 Na6 25. Re5 Nc7 26. Nf4 Bc6 27. Rd1 Bxg2
28. Kxg2 Ne7 29. d5 Nexd5 30. Ncxd5 Nxd5 31. Nxd5 exd5 32. Rexd5 Rxd5 33. Rxd5
Rc8 34. Rd7 Rc2 35. Rxb7 Rxb2 36. Rxa7 Rxb3 37. h4 h5 38. Kf1 Rb2 39. Kg2 Rb3
40. Kf1 Rb2 1/2-1/2

[Event "12th Ugra Governor's Cup"]
[Site "Khanty-Mansiysk RUS"]
[Date "2016.11.25"]
[Round "9.8"]
[White "Ovetchkin, Roman"]
[Black "Predke, Alexandr"]
[Result "1-0"]
[WhiteTitle "GM"]
[BlackTitle "GM"]
[WhiteElo "2523"]
[BlackElo "2579"]
[WhiteFideId "4119991"]
[BlackFideId "24107581"]
[EventDate "2016.11.17"]

1. Nf3 Nf6 2. c4 b6 3. g3 Bb7 4. Bg2 c5 5. O-O g6 6. d4 cxd4 7. Qxd4 Bg7 8. Nc3
d6 9. Rd1 Nbd7 10. Be3 Rc8 11. Rac1 Nc5 12. Bh3 Ne6 13. Qd3 O-O 14. b4 Nd7 15.
Nd5 a5 16. a3 axb4 17. axb4 f5 18. Rc2 Nc7 19. Nc3 Ra8 20. Qd2 Qe8 21. Bg2 Ra7
22. Nd5 Nxd5 23. cxd5 Qa8 24. Bh6 Bxh6 25. Qxh6 Rc8 26. Rxc8+ Bxc8 27. Qe3 Ra1
28. Rxa1 Qxa1+ 29. Bf1 Kf8 30. Ng5 Qe5 31. Qc1 Bb7 32. Qc7 Qxd5 33. Qd8+ Kg7 34.
Qxe7+ Kg8 35. e4 fxe4 36. Ne6 1-0

[Event "12th Ugra Governor's Cup"]
[Site "Khanty-Mansiysk RUS"]
[Date "2016.11.25"]
[Round "9.9"]
[White "Bocharov, Dmitry"]
[Black "Kovalev, Vladislav"]
[Result "0-1"]
[WhiteTitle "GM"]
[BlackTitle "GM"]
[WhiteElo "2593"]
[BlackElo "2603"]
[WhiteFideId "4138716"]
[BlackFideId "13504398"]
[EventDate "2016.11.17"]

1. d4 Nf6 2. c4 g6 3. Nc3 Bg7 4. e4 d6 5. f3 O-O 6. Be3 c5 7. d5 e6 8. Qd2 exd5
9. cxd5 a6 10. a4 Nbd7 11. Nh3 Ne5 12. Nf2 Nh5 13. Be2 f5 14. exf5 gxf5 15. Bh6
f4 16. Bxg7 Nxg7 17. O-O Qh4 18. Nfe4 Nf5 19. Rf2 Bd7 20. g3 Qh6 21. Kh1 b5 22.
axb5 axb5 23. Rxa8 Rxa8 24. Qxf4 b4 25. Qxh6 Nxh6 26. Nf6+ Kg7 27. Nce4 Bh3 28.
Nh5+ Kf8 29. Nd2 Ra1+ 30. Nf1 c4 31. Nf4 c3 32. bxc3 bxc3 33. Bb5 Bf5 34. Ne6+
Bxe6 35. dxe6 Nf5 36. Rc2 Nd4 37. Rxc3 Nxb5 38. Rc8+ Ke7 39. Kg2 Ra2+ 0-1

[Event "12th Ugra Governor's Cup"]
[Site "Khanty-Mansiysk RUS"]
[Date "2016.11.25"]
[Round "9.10"]
[White "Paravyan, David"]
[Black "Pustovoitova, Daria"]
[Result "1-0"]
[WhiteTitle "IM"]
[BlackTitle "FM"]
[WhiteElo "2544"]
[BlackElo "2427"]
[WhiteFideId "4194985"]
[BlackFideId "4182146"]
[EventDate "2016.11.17"]

1. f4 d5 2. Nf3 g6 3. g3 Bg7 4. Bg2 Nf6 5. O-O O-O 6. d3 c5 7. c3 Nc6 8. Na3 Rb8
9. Ne5 Qc7 10. Nxc6 Qxc6 11. Nc2 b5 12. Qe1 b4 13. c4 Qd6 14. f5 gxf5 15. Ne3 e6
16. cxd5 Nxd5 17. Nxd5 exd5 18. Bf4 Be5 19. Qd2 Re8 20. Rac1 d4 21. Rf2 Bxf4 22.
Qxf4 Qxf4 23. gxf4 Be6 24. Rxc5 Bxa2 25. Rxf5 Rbc8 26. Ra5 b3 27. Be4 Rc1+ 28.
Rf1 Rc2 29. Kf2 Rxb2 30. Rg1+ Kf8 31. Rxa7 Rxe4 32. dxe4 d3 33. f5 Rxe2+ 34. Kf3
f6 35. Rgg7 Rc2 36. Raf7+ Ke8 37. Rb7 Kf8 38. Rxh7 Kg8 39. Rhd7 Rc8 40. Rxd3 1-0